[Event "Would you like to play?"]
[Site "SchemingMind.com"]
[Date "2013.03.18"]
[Round "-"]
[White "ray winteringham"]
[Black "cnile"]
[Result "1-0"]
[WhiteCountry "ENG"]
[BlackCountry "SCO"]
[WhiteElo "1514"]
[WhiteRD "50"]
[BlackElo "1488"]
[BlackRD "61"]
[GameID "328519"]

1. e4 e5 2. Nf3 Nc6 3. g3 Nf6 4. d3 Bc5 5. Be3 Bxe3 6. fxe3 d6 7. Bg2 Bg4 8. O-O Ne7 9. Nbd2 O-O 10. Qc1 c6
11. Ne1 Qd7 12. Bf3 Bh3 13. Bg2 Ng6 14. d4 exd4 15. exd4 Rfe8 16. Bxh3 Qxh3 17. Nef3 Nxe4 18. Nxe4 Rxe4 19. Ng5 Qg4 20. Nxe4 Qxe4
21. Qd2 Re8 22. Rae1 Qg4 23. Rxe8+ Nf8 24. Qf2 f6 25. Qe3 d5 26. Qe7 Qxd4+ 27. Rf2 Qd1+ 28. Kg2 Qd4 29. Qxf8#
1-0

[Event "Would you like to play?"]
[Site "SchemingMind.com"]
[Date "2013.03.18"]
[Round "-"]
[White "cnile"]
[Black "ray winteringham"]
[Result "0-1"]
[WhiteCountry "SCO"]
[BlackCountry "ENG"]
[WhiteElo "1488"]
[WhiteRD "61"]
[BlackElo "1514"]
[BlackRD "50"]
[GameID "328520"]

1. d4 e6 2. c4 d6 3. Nc3 h6 4. e4 Be7 5. Nf3 Nf6 6. Bd3 O-O 7. Qe2 b6 8. Be3 Bb7 9. d5 e5 10. b4 Nbd7
11. O-O c5 12. b5 Ne8 13. a4 a6 14. Ne1 Bg5 15. Nc2 Bxe3 16. Qxe3 Nef6 17. f4 Ng4 18. Qg3 h5 19. fxe5 Ngxe5 20. Be2 Nf6
21. Ne3 Bc8 22. Nf5 Bxf5 23. exf5 g6 24. fxg6 fxg6 25. Rae1 Kh7 26. Bd1 Nxc4 27. Bc2 Ne5 28. Rxe5 dxe5 29. Qxg6+ Kh8 30. Rxf6 Ra7
31. Qxh5+ Kg8 32. Rg6+ Rg7 33. Qh7+ Kxh7 34. Rd6+ Kh8 35. Rxd8 Rxd8 36. Be4 Rf8 37. bxa6 Rgf7 38. Nb5 Rf1#
0-1

[Event "Would you like to play?"]
[Site "SchemingMind.com"]
[Date "2013.03.24"]
[Round "-"]
[White "murmac"]
[Black "cnile"]
[Result "0-1"]
[WhiteCountry "SCO"]
[BlackCountry "SCO"]
[WhiteElo "1227"]
[WhiteRD "111"]
[BlackElo "1550"]
[BlackRD "64"]
[GameID "329048"]

1. e4 c5 2. Nf3 Nc6 3. Nc3 e6 4. Bb5 Nge7 5. d3 d5 6. exd5 exd5 7. Bf4 a6 8. Ba4 Qa5 9. O-O d4 10. Bxc6+ Nxc6
11. Re1+ Be6 12. Ne5 dxc3 13. b3 Qb6 14. Qh5 Nxe5 15. Qxe5 Be7 16. Qxc3 O-O 17. Rad1 Rfe8 18. d4 cxd4 19. Rxd4 Qa7 20. Red1 Bf6
21. Be5 Bxe5 22. Qe3 Bxd4 23. Rxd4 b5 24. Qd2 g6 25. c3 Qe7 26. h3 Rad8 27. Qf4 Rxd4 28. cxd4 Bd5
0-1

[Event "Would you like to play?"]
[Site "SchemingMind.com"]
[Date "2013.03.24"]
[Round "-"]
[White "murmac"]
[Black "ray winteringham"]
[Result "0-1"]
[WhiteCountry "SCO"]
[BlackCountry "ENG"]
[WhiteElo "1372"]
[WhiteRD "147"]
[BlackElo "1583"]
[BlackRD "47"]
[GameID "329049"]

1. e4 g6 2. d4 Bg7 3. Nf3 b6 4. Bc4 Bb7 5. Nc3 e6 6. Bf4 Ne7 7. O-O O-O 8. Qd2 f5 9. e5 Bxf3 10. g3 Bb7
11. Rae1 Nbc6 12. Ne2 a5 13. Nc3 d6 14. exd6 cxd6 15. Bxe6+ Kh8 16. Nd5 Bxd4 17. Nxe7 Qxe7 18. Bd5 Qf6 19. c3 Be5 20. Bxe5 dxe5
21. Qh6 Rab8 22. f4 e4 23. Rd1 Qg7 24. Qh4 Ne7 25. Be6 Rfd8 26. Rxd8+ Rxd8 27. Re1 Rd2 28. b4 Qxc3 29. Qh6 Qd4+ 30. Kh1 e3+
31. Kg1 e2#
0-1

[Event "Would you like to play?"]
[Site "SchemingMind.com"]
[Date "2013.03.25"]
[Round "-"]
[White "cnile"]
[Black "murmac"]
[Result "1-0"]
[WhiteCountry "SCO"]
[BlackCountry "SCO"]
[WhiteElo "1550"]
[WhiteRD "64"]
[BlackElo "1227"]
[BlackRD "111"]
[GameID "329050"]

1. d4 g6 2. e4 Bg7 3. f4 d5 4. e5 Nc6 5. Be3 Bf5 6. c3 e6 7. Nd2 Nge7 8. Be2 O-O 9. Ndf3 f6 10. exf6 Bxf6
11. h3 e5 12. fxe5 Bg7 13. Nd2 a5 14. Ngf3 Bh8 15. O-O Be6 16. Bh6 Bg7 17. Bxg7 Kxg7 18. Ng5 Bd7 19. Qb3 Bf5 20. Ndf3 h6
21. Qxb7 Rb8 22. Qa6 Rxb2 23. Bb5 Bd7 24. Ne6+ Bxe6 25. Bxc6 Nxc6 26. Qxc6 Rxf3 27. Qxe6 Rxg2+ 28. Kxg2
1-0

[Event "Would you like to play?"]
[Site "SchemingMind.com"]
[Date "2013.03.24"]
[Round "-"]
[White "ray winteringham"]
[Black "murmac"]
[Result "1-0"]
[WhiteCountry "ENG"]
[BlackCountry "SCO"]
[WhiteElo "1583"]
[WhiteRD "47"]
[BlackElo "1372"]
[BlackRD "147"]
[GameID "329051"]

1. d4 Nf6 2. g3 d5 3. Bg2 Bf5 4. Nf3 Nc6 5. c3 e6 6. O-O Bd6 7. b4 b5 8. Bg5 Be7 9. a4 a6 10. axb5 axb5
11. Na3 O-O 12. Nxb5 Ne4 13. Bf4 Nxc3 14. Nxc3 Nxb4 15. Ne1 c6 16. Bd2 Qd6 17. Rxa8 Rxa8 18. Bf4 Qd7 19. e4 dxe4 20. Nxe4 Nd5
21. Nd3 Nf6 22. Nec5 Qxd4 23. Be3 Qc4 24. Bxc6 Bxd3 25. Qxd3 Qxd3 26. Nxd3 Rc8 27. Rc1 Ng4 28. Bf3 Rd8 29. Bxg4 h6 30. Be2 g5
31. Ne5 Bf6 32. Nd3 Bg7 33. Bb6 Rb8 34. Bc7 Rc8 35. Bf3 Bd4 36. Bb7 Re8 37. Nb4 Bb2 38. Rc2 Ba3 39. Nc6 f5 40. Rd2 Bc1
41. Rd8
1-0

[Event "Would you like to play?"]
[Site "SchemingMind.com"]
[Date "2013.03.31"]
[Round "-"]
[White "kubinet"]
[Black "cnile"]
[Result "1-0"]
[WhiteCountry "GER"]
[BlackCountry "SCO"]
[WhiteElo "1530"]
[WhiteRD "67"]
[BlackElo "1488"]
[BlackRD "61"]
[GameID "329498"]

1. e4 c5 2. Nf3 Nc6 3. d4 cxd4 4. Nxd4 Nf6 5. Nc3 e6 6. a3 d5 7. exd5 exd5 8. Bb5 Qb6 9. Be3 a6 10. Nxc6 bxc6
11. Bxb6
1-0

[Event "Would you like to play?"]
[Site "SchemingMind.com"]
[Date "2013.03.30"]
[Round "-"]
[White "kubinet"]
[Black "ray winteringham"]
[Result "0-1"]
[WhiteCountry "GER"]
[BlackCountry "ENG"]
[WhiteElo "1334"]
[WhiteRD "51"]
[BlackElo "1583"]
[BlackRD "47"]
[GameID "329500"]

1. e4 e5 2. Nf3 d6 3. d4 exd4 4. Nxd4 Be7 5. Nc3 h6 6. Bc4 Nf6 7. O-O O-O 8. h3 Nc6 9. Be3 a6 10. a3 Nxd4
11. Bxd4 b5 12. Be2 Bb7 13. f3 c5 14. Be3 Qb6 15. Qd2 Rfd8 16. b4 Qc7 17. Na2 Bc6 18. Rfd1 a5 19. c3 c4 20. Bd4 d5
21. exd5 Bxd5 22. Qe3 Re8 23. Qf2 Bd8 24. Bxf6 Bxf6
0-1

[Event "Would you like to play?"]
[Site "SchemingMind.com"]
[Date "2013.04.13"]
[Round "-"]
[White "Phillip Beckett"]
[Black "cnile"]
[Result "0-1"]
[WhiteCountry "ENG"]
[BlackCountry "SCO"]
[WhiteElo "1546"]
[WhiteRD "49"]
[BlackElo "1488"]
[BlackRD "61"]
[GameID "330244"]

1. e4 c5 2. Nf3 d6 3. d4 cxd4 4. Nxd4 Nf6 5. Nc3 a6 6. Bg5 e6 7. f4 Be7 8. Qf3 Nbd7 9. O-O-O Qc7 10. g4 h6
11. Bxf6 Nxf6 12. Bd3 Bd7 13. h4 d5 14. exd5 Nxd5 15. Nxd5 exd5 16. g5 hxg5 17. hxg5 Rxh1 18. Rxh1 O-O-O 19. Rh7 Kb8 20. Rxg7 Bc6
21. Nxc6+ Qxc6 22. g6 Bd6 23. Rxf7 Qe8 24. f5 Qe1+ 25. Qd1 Bf4+
0-1

[Event "Would you like to play?"]
[Site "SchemingMind.com"]
[Date "2013.04.18"]
[Round "-"]
[White "Phillip Beckett"]
[Black "murmac"]
[Result "1-0"]
[WhiteCountry "ENG"]
[BlackCountry "SCO"]
[WhiteElo "1588"]
[WhiteRD "47"]
[BlackElo "1227"]
[BlackRD "111"]
[GameID "330245"]

1. e4 e6 2. d4 d5 3. Nd2 Bd6 4. e5 Be7 5. f4 Nh6 6. Ndf3 O-O 7. Bd3 Nc6 8. c3 Bd7 9. Ne2 Ng4 10. O-O f6
11. h3 Nh6 12. Ng3 f5 13. Nh2 Bh4 14. Ne2 a6 15. Be3 b5 16. g3 Ng4 17. hxg4 Be7 18. g5 Qe8 19. Kg2 Qh5 20. Rh1 Qg6
21. Nf3 Rae8 22. Nh4 Qh5 23. Nf3 Qf7 24. Nh4 Na5 25. Qg1 Nc4 26. Bxc4 dxc4 27. Qh2 Rc8 28. g6 hxg6 29. Nf3 Qe8 30. Neg1 Kf7
31. Nh3 Bc6 32. Ng5+
1-0

[Event "Would you like to play?"]
[Site "SchemingMind.com"]
[Date "2013.04.13"]
[Round "-"]
[White "Phillip Beckett"]
[Black "ray winteringham"]
[Result "0-1"]
[WhiteCountry "ENG"]
[BlackCountry "ENG"]
[WhiteElo "1546"]
[WhiteRD "49"]
[BlackElo "1514"]
[BlackRD "50"]
[GameID "330246"]

1. e4 e5 2. Nf3 Nc6 3. Bc4 d6 4. c3 Bd7 5. h3 Nf6 6. d3 h6 7. O-O a6 8. b4 Be7 9. Qb3 O-O 10. Nbd2 Na7
11. Qc2 b5 12. Bb3 Nh5 13. a4 c6 14. axb5 cxb5 15. c4 Nf4 16. Re1 Bh4 17. Nf1 Rc8 18. Kh2 Be7 19. Rxa6 Nc6 20. Bxf4 exf4
21. Kg1 Nxb4 22. Qd2 Nxa6 23. cxb5 Bxb5 24. Qxf4 Bxd3 25. e5 dxe5 26. Qxe5 Bxf1 27. Rxf1 Nc5 28. Ba2 Bf6 29. Qd5 Qxd5
0-1

[Event "Would you like to play?"]
[Site "SchemingMind.com"]
[Date "2013.04.14"]
[Round "-"]
[White "Phillip Beckett"]
[Black "kubinet"]
[Result "1-0"]
[WhiteCountry "ENG"]
[BlackCountry "GER"]
[WhiteElo "1562"]
[WhiteRD "48"]
[BlackElo "1334"]
[BlackRD "51"]
[GameID "330247"]

1. e4 e5 2. f4 exf4 3. Nf3 Be7 4. Bc4 Bh4+ 5. g3 fxg3 6. O-O gxh2+ 7. Kh1 d5 8. Bxd5 c6 9. Bxf7+ Kf8 10. Nxh4 Qxh4
11. Be6+ Ke7 12. Bxc8
1-0

[Event "Would you like to play?"]
[Site "SchemingMind.com"]
[Date "2013.04.13"]
[Round "-"]
[White "cnile"]
[Black "Phillip Beckett"]
[Result "0-1"]
[WhiteCountry "SCO"]
[BlackCountry "ENG"]
[WhiteElo "1488"]
[WhiteRD "61"]
[BlackElo "1546"]
[BlackRD "49"]
[GameID "330248"]

1. Nf3 Nf6 2. c4 e6 3. g3 d5 4. Bg2 c6 5. d3 Be7 6. O-O Nbd7 7. Nbd2 O-O 8. cxd5 exd5 9. a3 Re8 10. b4 Nf8
11. Bb2 Ne6 12. Re1 h6 13. Rc1 Nh7 14. d4 Neg5 15. Nxg5 Nxg5 16. e4 Nh3+ 17. Kh1 Nxf2+
0-1

[Event "Would you like to play?"]
[Site "SchemingMind.com"]
[Date "2013.04.18"]
[Round "-"]
[White "murmac"]
[Black "Phillip Beckett"]
[Result "1-0"]
[WhiteCountry "SCO"]
[BlackCountry "ENG"]
[WhiteElo "1372"]
[WhiteRD "147"]
[BlackElo "1562"]
[BlackRD "48"]
[GameID "330249"]

1. e4 e5 2. Nf3 Nc6 3. Bc4 Nf6 4. Nc3 Nxe4 5. Nxe4 d5 6. Bb3 dxe4 7. Bxf7+ Kxf7 8. Nxe5+ Nxe5 9. Qh5+ Ng6 10. O-O Qf6
11. Qd5+ Be6 12. Qxb7 Bd6 13. Re1 Rhb8 14. Qxe4 Re8 15. d4 Qf4 16. Bxf4 Bd7 17. Qd5+ Kf8 18. Rxe8+ Rxe8 19. Bg5 Be6 20. Qb7 Bc8
21. Qxa7 Bf5 22. c3 Bf4 23. Bxf4 Nxf4 24. Qc5+ Kg8 25. Qxc7 Ne2+ 26. Kf1 Bd3 27. Ke1 Nxd4+ 28. Kd2 Nb5 29. Qd7 Re2+ 30. Kxd3
1-0

[Event "Would you like to play?"]
[Site "SchemingMind.com"]
[Date "2013.04.13"]
[Round "-"]
[White "ray winteringham"]
[Black "Phillip Beckett"]
[Result "1-0"]
[WhiteCountry "ENG"]
[BlackCountry "ENG"]
[WhiteElo "1514"]
[WhiteRD "50"]
[BlackElo "1546"]
[BlackRD "49"]
[GameID "330250"]

1. d4 d5 2. Nc3 Nf6 3. h3 e6 4. Bg5 Be7 5. Nf3 h6 6. Bxf6 Bxf6 7. e4 dxe4 8. Nxe4 Be7 9. c3 Nd7 10. Bd3 c5
11. dxc5 Nxc5 12. Nxc5 Bxc5 13. Qa4+ Bd7 14. Bb5 a6 15. Bxd7+ Qxd7 16. Qxd7+ Kxd7 17. O-O Rad8 18. Ne5+ Ke7 19. Rfd1 Bd6 20. Nc4 Bc7
21. b4 Rxd1+ 22. Rxd1 Rd8 23. Rxd8 Kxd8 24. f3 Kd7 25. Kf2 Kc6 26. Ke2 b5 27. Nd2 Kd5 28. Kd3 Bf4 29. Ne4 f5 30. Nc5 a5
31. Nb3 axb4 32. cxb4 Bd6 33. a3 e5 34. Nd2 Bc7 35. g4 fxg4 36. hxg4 g5 37. Ne4 Bd8 38. Kc3 Be7 39. Kd3= Bd8 40. Ng3 Bc7
41. Nf5 e4+ 42. fxe4+ Ke5 43. Nxh6 Kf4 44. Kd4 Be5+ 45. Kd5 Bg7 46. Nf5 Bf8 47. Nd4 Kxg4 48. Nxb5 Kf3 49. Nd4+ Ke3 50. a4 g4
51. a5 g3 52. Nf3 Bxb4 53. a6
1-0

[Event "Would you like to play?"]
[Site "SchemingMind.com"]
[Date "2013.04.14"]
[Round "-"]
[White "kubinet"]
[Black "Phillip Beckett"]
[Result "0-1"]
[WhiteCountry "GER"]
[BlackCountry "ENG"]
[WhiteElo "1334"]
[WhiteRD "51"]
[BlackElo "1562"]
[BlackRD "48"]
[GameID "330251"]

1. e4 c5 2. d4 cxd4 3. c3 dxc3 4. Nxc3 d6 5. Nf3 Nf6 6. Bc4 e6 7. O-O Be7 8. h3 Nc6 9. a3 Bd7 10. Be3 O-O
11. Qd2 Ne5
0-1

[Event "Would you like to play?"]
[Site "SchemingMind.com"]
[Date "2013.04.14"]
[Round "-"]
[White "eun77"]
[Black "cnile"]
[Result "0-1"]
[WhiteCountry "ISR"]
[BlackCountry "SCO"]
[WhiteElo "1360"]
[WhiteRD "56"]
[BlackElo "1550"]
[BlackRD "64"]
[GameID "330258"]

1. Nf3 Nf6 2. d4 d5 3. h3 c5 4. dxc5 Qa5+ 5. Nc3 Qxc5 6. e3 Bd7 7. Be2 e6 8. O-O Bd6 9. Qd4 Nc6 10. Qxc5 Bxc5
11. Bb5 O-O 12. Bxc6 Bxc6 13. a3 Rac8 14. Ne2 Rfd8 15. b4 Bd6 16. c3 Bb5 17. Re1 Bxe2 18. Rxe2 Rxc3 19. Bb2 Rb3 20. Nd4 Rd3
0-1

[Event "Would you like to play?"]
[Site "SchemingMind.com"]
[Date "2013.04.18"]
[Round "-"]
[White "eun77"]
[Black "murmac"]
[Result "1-0"]
[WhiteCountry "ISR"]
[BlackCountry "SCO"]
[WhiteElo "1373"]
[WhiteRD "54"]
[BlackElo "1189"]
[BlackRD "107"]
[GameID "330259"]

1. c4 e5 2. d3 Nf6 3. e4 Bc5 4. Nf3 Nc6 5. Be2 O-O 6. O-O d6 7. h3 Be6 8. Bg5 h6 9. Bxf6 Qxf6 10. a3 Rad8
11. Nc3 Nd4 12. Nxd4 exd4 13. Nd5 Bxd5 14. cxd5 Rfe8 15. b4 b5 16. bxc5
1-0

[Event "Would you like to play?"]
[Site "SchemingMind.com"]
[Date "2013.04.14"]
[Round "-"]
[White "eun77"]
[Black "Phillip Beckett"]
[Result "1-0"]
[WhiteCountry "ISR"]
[BlackCountry "ENG"]
[WhiteElo "1360"]
[WhiteRD "56"]
[BlackElo "1588"]
[BlackRD "47"]
[GameID "330260"]

1. Nc3 Nf6 2. d4 d5 3. e3 e6 4. Nf3 c5 5. dxc5 Bxc5 6. Be2 O-O 7. O-O Nc6 8. a3 Bd7 9. Bb5 a6 10. Bxc6 Bxc6
11. h3 Rc8 12. b4 Ba7 13. Ne5 Qd6 14. Nxc6 Rxc6 15. Ne2 Rfc8 16. Ra2 Ne4 17. f3 Ng3 18. Nxg3 Qc7 19. Rf2 d4 20. Kh2 dxe3
21. Re2 b5 22. Bxe3 Bxe3 23. Rxe3 Rxc2 24. Rxc2 Qxc2 25. Qxc2 Rxc2 26. Rd3 g6 27. Rd6 Rc7 28. Rxa6 Rc3 29. Ra5 Kg7 30. Ne4
1-0

[Event "Would you like to play?"]
[Site "SchemingMind.com"]
[Date "2013.04.14"]
[Round "-"]
[White "eun77"]
[Black "ray winteringham"]
[Result "0-1"]
[WhiteCountry "ISR"]
[BlackCountry "ENG"]
[WhiteElo "1360"]
[WhiteRD "56"]
[BlackElo "1539"]
[BlackRD "50"]
[GameID "330261"]

1. e4 e5 2. d3 Nc6 3. Nf3 Bc5 4. c3 d6 5. h3 Nf6 6. Be2 Bd7 7. O-O O-O 8. Nh2 h6 9. b4 Bb6 10. Ng4 g5
11. Nxf6+ Qxf6 12. Bg4 Be6 13. Be3 d5 14. Bxe6 Qxe6 15. Bxb6 axb6 16. f3 d4 17. a3 dxc3 18. Nxc3 Nd4 19. Ne2 c5 20. Nxd4 exd4
21. bxc5 bxc5 22. a4 Ra5 23. Rf2 Rfa8 24. Rb2 b6 25. Rab1 R5a6 26. a5 Rb8 27. axb6 Raxb6 28. Rxb6 Rxb6
0-1

[Event "Would you like to play?"]
[Site "SchemingMind.com"]
[Date "2013.04.14"]
[Round "-"]
[White "cnile"]
[Black "eun77"]
[Result "0-1"]
[WhiteCountry "SCO"]
[BlackCountry "ISR"]
[WhiteElo "1507"]
[WhiteRD "63"]
[BlackElo "1373"]
[BlackRD "54"]
[GameID "330263"]

1. e4 e5 2. Nf3 d6 3. Bc4 h6 4. Nc3 c6 5. h3 Nf6 6. d4 exd4 7. Nxd4 Be7 8. Be3 O-O 9. Qd2 b5 10. Bd3 Qc7
11. O-O Nh7 12. a3 Bf6 13. Nf3 Bxc3 14. Qxc3 Ba6 15. Nd4 b4 16. axb4 Bxd3 17. Qxd3 Nd7 18. c4 Rae8 19. Nf5 Re6 20. Qc3 f6
21. Rxa7 Qd8 22. f3 Re7 23. Nxe7+ Qxe7 24. Rd1 Rd8 25. b3 Qf8 26. c5 Ne5 27. Rxd6 Rxd6 28. f4 Rd3 29. Qe1 Nf7 30. Ra3 Qd8
31. Kh2 Rd7 32. b5 cxb5 33. b4 Qc7 34. Qe2 Qb8 35. Qa2 Rd8 36. Qe6 Re8 37. Qc6 Nf8 38. Rd3 Rd8 39. Rxd8 Nxd8 40. Qa6 Nfe6
41. Kg3 g5 42. Kg4 gxf4 43. Bxf4 Qxf4+ 44. Kh5 Qg5#
0-1

[Event "Would you like to play?"]
[Site "SchemingMind.com"]
[Date "2013.04.18"]
[Round "-"]
[White "murmac"]
[Black "eun77"]
[Result "0-1"]
[WhiteCountry "SCO"]
[BlackCountry "ISR"]
[WhiteElo "1189"]
[WhiteRD "107"]
[BlackElo "1373"]
[BlackRD "54"]
[GameID "330264"]

1. c4 c5 2. Nc3 d6 3. Nf3 e5 4. e4 Nf6 5. d3 h6 6. Be3 Be7 7. Be2 O-O 8. Qd2 a6 9. O-O Nh7 10. d4 exd4
11. Bxh6 dxc3 12. Qxc3 Bf6 13. e5 dxe5 14. Rfd1 Qe7
0-1

[Event "Would you like to play?"]
[Site "SchemingMind.com"]
[Date "2013.04.14"]
[Round "-"]
[White "Phillip Beckett"]
[Black "eun77"]
[Result "1/2-1/2"]
[WhiteCountry "ENG"]
[BlackCountry "ISR"]
[WhiteElo "1588"]
[WhiteRD "47"]
[BlackElo "1360"]
[BlackRD "56"]
[GameID "330265"]

1. e4 e5 2. Nf3 d6 3. d4 exd4 4. Nxd4 Nc6 5. Bb5 Bd7 6. Nxc6 Bxc6 7. Qd5 Qd7 8. Bxc6 Qxc6 9. Qxc6+ bxc6 10. Be3 h6
11. f3 Nf6 12. Nc3 Be7 13. O-O O-O 14. b3 Nh7 15. Rad1 Bg5 16. Bxg5 Nxg5 17. Ne2 Rad8 18. Nd4 c5 19. Nb5 Ne6 20. a4 a6
21. Nc3 Nd4 22. Rd2 f6 23. Ne2 Nxe2+ 24. Rxe2 Rfe8 25. Rd1 a5 26. Rd5 Re5 27. Red2 Rxd5 28. exd5 Re8 29. Kf2 Kf7 30. c4 Rb8
31. Rd3=
1/2-1/2

[Event "Would you like to play?"]
[Site "SchemingMind.com"]
[Date "2013.04.14"]
[Round "-"]
[White "ray winteringham"]
[Black "eun77"]
[Result "1-0"]
[WhiteCountry "ENG"]
[BlackCountry "ISR"]
[WhiteElo "1539"]
[WhiteRD "50"]
[BlackElo "1360"]
[BlackRD "56"]
[GameID "330266"]

1. d4 d5 2. Nf3 e6 3. c4 c6 4. Bf4 h6 5. e3 Bb4+ 6. Nbd2 Bxd2+ 7. Nxd2 Nf6 8. Be2 O-O 9. O-O Ne8 10. c5 Nd7
11. h3 Ndf6 12. Nf3 Nh7 13. Ne5 g5 14. Bh2 Nhf6 15. Bh5 Nxh5 16. Qxh5 Qf6 17. f4 Ng7 18. fxg5 Qxg5 19. Qf3 Qf5 20. Qg3 Qg5
21. Qe1 f5 22. a4 Qd8 23. Bf4 Qe8 24. Qg3 Rf6 25. b4 Kh7 26. Qh4 Qf8 27. Bg5 Ne8 28. g4 b6 29. Nxc6 Qg7 30. Bxf6 Nxf6
31. Kh2
1-0

[Event "Would you like to play?"]
[Site "SchemingMind.com"]
[Date "2013.04.16"]
[Round "-"]
[White "kubinet"]
[Black "eun77"]
[Result "0-1"]
[WhiteCountry "GER"]
[BlackCountry "ISR"]
[WhiteElo "1305"]
[WhiteRD "57"]
[BlackElo "1373"]
[BlackRD "54"]
[GameID "330267"]

1. e4 e5 2. Nf3 d6 3. d4 exd4 4. Nxd4 Nc6 5. Nc3 Nxd4 6. Qxd4 c6 7. Bc4 Qf6 8. Qd3 Qd8 9. O-O Be7 10. Bf4 h6
11. Rad1 Nf6 12. Bxd6 Bxd6 13. Qxd6 Qxd6
0-1

[Event "Would you like to play?"]
[Site "SchemingMind.com"]
[Date "2013.04.16"]
[Round "-"]
[White "lennart"]
[Black "cnile"]
[Result "1-0"]
[WhiteCountry "SWE"]
[BlackCountry "SCO"]
[WhiteElo "1496"]
[WhiteRD "58"]
[BlackElo "1533"]
[BlackRD "59"]
[GameID "330421"]

1. e4 c5 2. Nf3 d6 3. h3 Nf6 4. a3 Nc6 5. c3 e5 6. b4 cxb4 7. axb4 a6 8. Bd3 Be7 9. O-O b5 10. c4 bxc4
11. Bxc4 Nxb4 12. Qb3 d5 13. exd5 a5 14. Nxe5 O-O 15. Re1 Bd6 16. d4 Ba6 17. Nc6 Bxc4 18. Qxc4 Nxc6 19. dxc6 Qc7 20. Nc3 Bb4
21. Nb5 Qb6 22. Re2 Rac8 23. d5 Rfd8 24. Be3 Qb8 25. c7 Rxc7 26. Nxc7 Bd6 27. Na6 Qb7 28. Ree1 Nxd5 29. Rxa5 Nxe3 30. Rxe3 Qb1+
31. Qf1 Bh2+ 32. Kxh2 Qxf1 33. Ra2 Qc4 34. Raa3 Qf4+ 35. Rg3 Qxf2 36. Nb4 g6 37. Nd3 Qd4 38. Ne1 Qe5 39. Nf3 Qc5 40. Ng1 Rd1
41. Ne2 Qe5 42. Re3 Qa1 43. Rgf3 Rh1+ 44. Kg3 Qe1+ 45. Kg4 h5+ 46. Kg5 Qa5+ 47. Kh6 Re1 48. Re8#
1-0

[Event "Would you like to play?"]
[Site "SchemingMind.com"]
[Date "2013.04.18"]
[Round "-"]
[White "lennart"]
[Black "murmac"]
[Result "1-0"]
[WhiteCountry "SWE"]
[BlackCountry "SCO"]
[WhiteElo "1496"]
[WhiteRD "58"]
[BlackElo "1372"]
[BlackRD "147"]
[GameID "330422"]

1. e4 c6 2. Nc3 d5 3. exd5 cxd5 4. h3 e5 5. Be2 Nf6 6. a3 Bc5 7. Rb1 O-O 8. Nf3 Nc6 9. b4 Bb6 10. b5 Nd4
11. Nxe5 Bf5 12. d3 h6 13. a4 Qe8 14. Nf3 Ba5 15. Bb2 a6 16. Nxd4 Bg6 17. O-O Rd8 18. Qd2 Bxc3 19. Bxc3 axb5 20. Rxb5 Nh5
21. Rxb7 Qxa4 22. Rb4 Qd7 23. Rfb1 f6 24. g4 Ng3 25. Rb7 Qe8 26. fxg3 Qe5 27. Qf4 Qe8 28. R1b6 Bh7 29. Bf3 Qa4 30. Ne6 Rde8
31. Qxa4
1-0

[Event "Would you like to play?"]
[Site "SchemingMind.com"]
[Date "2013.04.17"]
[Round "-"]
[White "lennart"]
[Black "Phillip Beckett"]
[Result "1-0"]
[WhiteCountry "SWE"]
[BlackCountry "ENG"]
[WhiteElo "1487"]
[WhiteRD "62"]
[BlackElo "1546"]
[BlackRD "49"]
[GameID "330423"]

1. e4 e5 2. Nf3 Nc6 3. d3 Nf6 4. a3 Be7 5. Nc3 d6 6. h3 h6 7. Be3 Be6 8. Be2 Nh7 9. Nd5 Bxd5 10. exd5 Nb8
11. c4 Ng5 12. Qa4+ Qd7 13. Qxd7+ Nxd7 14. O-O Nxf3+ 15. Bxf3 O-O 16. d4 exd4 17. Bxd4 Bf6 18. Bxf6 Nxf6 19. b4 Rae8 20. Rac1 Ne4
21. Bg4 f5 22. Bh5 Re7 23. Rfe1 Re5 24. Bf3 Rfe8 25. Red1 Ng5 26. Bh5 R8e7 27. c5 dxc5 28. bxc5 Kh7 29. d6 cxd6 30. cxd6 Rd7
31. Rc7 Rxc7 32. dxc7 Rc5 33. Rd7 Ne6 34. c8=Q Rxc8 35. Rxb7 Rc7 36. Rb8 Rc1+ 37. Kh2 Ra1 38. Re8 Ng5 39. f4 Ne4 40. Bf3 Rxa3
41. Bxe4 fxe4 42. Rxe4 a5 43. h4 a4 44. g3 Ra1 45. Kh3 a3 46. Ra4 a2 47. Kg4 Kg6 48. Ra5 Kh7= 49. h5 Kg8 50. Kf5 Rh1
51. Rxa2 Rxh5+ 52. Kg6
1-0

[Event "Would you like to play?"]
[Site "SchemingMind.com"]
[Date "2013.04.19"]
[Round "-"]
[White "lennart"]
[Black "eun77"]
[Result "1-0"]
[WhiteCountry "SWE"]
[BlackCountry "ISR"]
[WhiteElo "1526"]
[WhiteRD "60"]
[BlackElo "1360"]
[BlackRD "56"]
[GameID "330424"]

1. e4 e5 2. Nc3 d6 3. Nf3 Nf6 4. h3 c6 5. a3 Be7 6. Bc4 O-O 7. O-O Be6 8. Bxe6 fxe6 9. d4 exd4 10. Nxd4 h6
11. Nxe6 Qd7 12. Nd4 Na6 13. Re1 Nh7 14. Qd3 Bg5 15. g4 Bxc1 16. Raxc1 Nc5 17. Qc4+ Qf7 18. Qe2 Rae8 19. f3 Ne6 20. Nxe6 Rxe6
21. Kg2 Ng5 22. Rf1 d5 23. h4 Nh7 24. h5 d4 25. Na4 b6 26. b4 Qf6 27. c3 dxc3 28. Nxc3 Qf4 29. Qc4 Re8 30. Ne2 Qf7
31. Ng3
1-0

[Event "Would you like to play?"]
[Site "SchemingMind.com"]
[Date "2013.04.16"]
[Round "-"]
[White "lennart"]
[Black "ray winteringham"]
[Result "1-0"]
[WhiteCountry "SWE"]
[BlackCountry "ENG"]
[WhiteElo "1487"]
[WhiteRD "62"]
[BlackElo "1514"]
[BlackRD "50"]
[GameID "330425"]

1. e4 e5 2. Nf3 d6 3. h3 Be7 4. Nc3 Nf6 5. a3 O-O 6. Bc4 Be6 7. Bxe6 fxe6 8. d3 h6 9. d4 exd4 10. Nxd4 Qd7
11. O-O c5 12. Nf3 Qc6 13. Re1 a5 14. e5 dxe5 15. Nxe5 Qe8 16. Be3 Nc6 17. Nc4 b5 18. Nxb5 Nd8 19. Nc7 Qc6 20. Nxa8 Qxa8
21. c3 Nc6 22. Qf3 Nd5 23. Qg4 Qc8 24. Bxh6 Bf6 25. Qxe6+ Kh7 26. Qxc8 Rxc8 27. Bc1 g6 28. Be3 Nce7 29. Nxa5 Nf5 30. Bd2 Rd8
31. Bc1 Nde7 32. g4 Nh4 33. Kh1 Rd3 34. g5 Rxh3+ 35. Kg1 Nf3+ 36. Kg2 Nxe1+ 37. Kxh3 Be5 38. Be3 Nd3 39. Nc4 Bb8 40. b4 cxb4
41. cxb4 Nd5 42. Bd2 Nxf2+ 43. Kh4 Ne4 44. Re1 Bg3+ 45. Kg4 Bxe1 46. Bxe1 Kg7 47. a4 Kf7 48. a5 Nc7 49. Bg3 Nd5 50. a6 Nxg3
51. Kxg3 Ke7 52. a7 Nb6 53. Nxb6
1-0

[Event "Would you like to play?"]
[Site "SchemingMind.com"]
[Date "2013.04.17"]
[Round "-"]
[White "cnile"]
[Black "lennart"]
[Result "1-0"]
[WhiteCountry "SCO"]
[BlackCountry "SWE"]
[WhiteElo "1533"]
[WhiteRD "59"]
[BlackElo "1496"]
[BlackRD "58"]
[GameID "330427"]

1. Nf3 Nc6 2. e4 h6 3. d4 a6 4. Bc4 d6 5. Nc3 e6 6. Be3 b5 7. Bd3 b4 8. Ne2 a5 9. b3 Be7 10. O-O Nf6
11. h3 O-O 12. e5 dxe5 13. dxe5 Nd5 14. Ned4 Nxd4 15. Nxd4 Nxe3 16. fxe3 Qd5 17. Bc4 Qxe5 18. Qe2 Bb7 19. Rad1 a4 20. Nf3 Qc5
21. Kh1 a3 22. Nd4 Bg5 23. Qg4 Bxe3 24. Nf3 Bd5 25. Bxd5 exd5 26. Qf5 g6 27. Qxd5 Ra5 28. Qe4 Qa7 29. Qxb4 Bc5 30. Qf4 Kh7
31. Rd7 Kg7 32. Ne5
1-0